| 000 | 01073 am a2200289ua 4500 | ||
|---|---|---|---|
| 999 |
_c28860 _d28831 |
||
| 001 | 011944628 | ||
| 003 | EG-ScBUE | ||
| 005 | 20200928093536.0 | ||
| 008 | 990811r19991998enkac f 000 0 eng d | ||
| 020 | _a0194328341 (pbk) | ||
| 040 |
_aUk _cUk _beng _dEG-ScBUE _erda |
||
| 082 | 0 | 4 |
_a428.076 _222 _bHAR |
| 100 | 1 |
_aHarrison, Mark, _d1955- _eauthor. |
|
| 245 | 1 | 0 |
_aProficiency practice tests : _bfour tests for the Cambridge Certificate of Proficiency in English : with answers / _cMark Harrison, Rosalie Kerr. |
| 250 | _aSecond impression. | ||
| 264 | 1 |
_aOxford : _bOxford University Press, _c1999. |
|
| 300 |
_a112 pages : _billustrations (some color), color portraits ; _c28 cm |
||
| 336 |
_atext _2rdacontent _btxt |
||
| 337 |
_aunmediated _2rdamedia _bn |
||
| 338 |
_avolume _2rdacarrier _bnc |
||
| 650 | 7 |
_aEnglish language _vExaminations, questions, etc. _2BUEsh |
|
| 650 | 7 |
_aEnglish language _vTextbooks for foreign speakers. _2BUEsh |
|
| 653 |
_bHHUUEENN _cSeptember2020 |
||
| 655 |
_vReading book _934232 |
||
| 700 | 1 |
_aKerr, Rosalie, _eauthor. |
|
| 942 |
_2ddc _cBB |
||